| 000 | 00676nam a22001937a 4500 | ||
|---|---|---|---|
| 999 |
_c181413 _d181413 |
||
| 005 | 20210913130321.0 | ||
| 010 | _aENG-129914 | ||
| 020 |
_a978-8131-25-265-9 _c2950.00 |
||
| 035 | _a EN-113446 | ||
| 037 | _bDBAD/PUB | ||
| 082 | _a346.730662 | ||
| 100 | _dN R Sridharan | ||
| 245 |
_aGuide to Takeovers and Mergers : : _cby N R Sridharan,P H Arvindh Pandian |
||
| 250 | _a6th ed. | ||
| 260 |
_bLexis Nexis _aIndia _c2017 |
||
| 270 |
_bGurgaon _e122002 _a14th Floor , Building No 10, Tower-B, DLF Cyber City, phase -ll _k+91 124 4774444 _l+91 124 4774100 _mhelp.in@lexisnexis.com |
||
| 300 |
_alxxx,2110p. _c25cm(hbk) |
||
| 942 |
_2ddc _cEN _h346.730662 _mSRI |
||